000 00666cam a2200217 a 4500
001 000007515
005 20200929154209.0
008 930430s1992 pr a l000 1 spa d
020 _a0865814686
035 _a(OCoLC)ocm28011628
040 _aDO-SdBNP
_cPBR
_dOCL
_dDLC
082 _aCu864.44
_bL212L
100 1 _aLalo, Eduardo,
_d1960-
_920866
245 1 0 _aLibro de textos /
_cEduardo Lalo.
260 _aSan Juan, (Puerto Rico) :
_bInstituto de Cultura Puertorriqueña,
_c1992.
300 _a191 p. :
_bil ;
_c17 cm.
650 4 _aEnsayos cubanos
_95691
650 4 _aLiteratura cubana
_ySIGLO XX
_99186
910 _aCatalogación por copia / LC
049 _aBNGR
999 _c7296
_d7296